000 00257nam a2200109Ia 4500
008 190216s9999||||xx |||||||||||||| ||und||
100 _aWalter Ledermans
245 0 _aComplex Numbers
260 _bPragathi Prakashan
650 _aMathematics
942 _cBK
999 _c30616
_d30616